| 000 | 00764cam a22002533a 4500 | ||
|---|---|---|---|
| 001 | 30319 | ||
| 003 | PGUSA | ||
| 005 | 20140828083644.0 | ||
| 008 | 091024s2009||||xxu|||||s|||||000 1 eng d | ||
| 040 |
_aPGUSA _beng |
||
| 042 | _adc | ||
| 050 | 4 | _aPS | |
| 100 | 1 |
_aParrish, Randall, _d1858-1923 |
|
| 245 | 1 | 0 |
_aBeyond the Frontier : _bA Romance of Early Days in the Middle West _h[electronic resource] / _cRandall Parrish |
| 260 |
_bProject Gutenberg, _c2009 |
||
| 506 | _aPublic domain in the USA. | ||
| 516 | _aElectronic text | ||
| 653 | _aMiddle West -- Fiction | ||
| 700 | 1 |
_aKinney, Troy, _d1871-1938 |
|
| 700 | 1 |
_aKinney, Margaret West, _d1872- |
|
| 830 | 0 |
_aProject Gutenberg _v30319 |
|
| 856 | 4 | 0 | _uhttp://www.gutenberg.org/ebooks/30319 |
| 942 | _cEB | ||
| 999 |
_c259574 _d259574 |
||